[Event "Schachfestival Open-A 2018"]
[Site "Lueneburg"]
[Date "2018.07.13"]
[Round "9"]
[White "Bente, Bjoern"]
[Black "Ploder, Udo"]
[Result "1-0"]
[WhiteElo "2219"]
[BlackElo "1874"]
[Annotator "NA"]
[PlyCount "107"]
[EventDate "2018.07.06"]
[EventType "swiss"]
[EventCountry "GER"]
[SourceTitle "playchess.com"]
[Source "ChessBase"]
[SourceQuality "1"]
[TimeControl "40/5400+30:1800+30"]

1. e4 {[%emt 0:00:00]} e5 {[%emt 0:00:00]} 2. Nf3 {[%emt 0:00:00]} Nc6 {[%emt 0:00:00]} 3. Bc4 {[%emt 0:00:00]} Nf6 {[%emt 0:00:01]} 4. d3 {[%emt 0:00:00]} Bc5 {[%emt 0:00:42]} 5. O-O {[%emt 0:00:10]} d6 {[%emt 0:01:14]} 6. h3 {[%emt 0:01:28]} O-O {[%emt 0:02:46]} 7. c3 {[%emt 0:00:31]} Bb6 {[%emt 0:03:08]} 8. Bb3 {[%emt 0:02:08]} Be6 {[%emt 0:02:06]} 9. Bc2 {[%emt 0:04:21]} Ne7 {[%emt 0:03:34]} 10. Nbd2 {[%emt 0:02:26]} Ng6 {[%emt 0:01:30]} 11. Re1 {[%emt 0:01:02]} Nf4 {[%emt 0:01:59]} 12. Nf1 {[%emt 0:00:11]} N6h5 {[%emt 0:02:50]} 13. Be3 {[%emt 0:01:08]} Qf6 {[%emt 0:06:35]} 14. Ng3 {[%emt 0:03:34]} Qg6 {[%emt 0:06:32]} 15. Nh4 {[%emt 0:02:31]} Qg5 {[%emt 0:05:37]} 16. Qxh5 {[%emt 0:02:12]} Qxh5 {[%emt 0:09:13]} 17. Nxh5 {[%emt 0:00:04]} Nxh5 {[%emt 0:00:12]} 18. Nf5 {[%emt 0:03:09]} g6 {[%emt 0:01:13]} 19. Nh4 {[%emt 0:06:12]} f5 {[%emt 0:04:37]} 20. Nf3 {[%emt 0:01:26]} Kg7 {[%emt 0:05:04]} 21. d4 {[%emt 0:12:38]} f4 {[%emt 0:07:27]} 22. Bd2 {[%emt 0:00:16]} exd4 {[%emt 0:00:56]} 23. cxd4 {[%emt 0:00:05]} h6 {[%emt 0:06:00]} 24. d5 {[%emt 0:02:02]} Bg8 {[%emt 0:01:46]} 25. Bc3+ {[%emt 0:00:08]} Nf6 {[%emt 0:01:20]} 26. Nd4 {[%emt 0:02:44]} Rae8 {[%emt 0:00:52]} 27. a4 {[%emt 0:03:53]} a5 {[%emt 0:01:19]} 28. Nb3 {[%emt 0:01:57]} Rf7 {[%emt 0:06:25]} 29. Nxa5 {[%emt 0:01:03]} Bxa5 {[%emt 0:02:12]} 30. Bxa5 {[%emt 0:00:41]} Kh7 {[%emt 0:01:42]} 31. f3 {[%emt 0:02:00]} Nd7 {[%emt 0:01:38]} 32. Rec1 {[%emt 0:00:54]} Ne5 {[%emt 0:01:07]} 33. Bc3 {[%emt 0:00:40]} Rc8 {[%emt 0:02:19]} 34. Bb3 {[%emt 0:03:08]} Re7 {[%emt 0:00:15]} 35. Bxe5 {[%emt 0:02:23]} Rxe5 {[%emt 0:00:19]} 36. Rc3 {[%emt 0:00:04]} Re7 {[%emt 0:02:22]} 37. Rac1 {[%emt 0:01:35]} Bf7 {[%emt 0:00:22]} 38. Bd1 {[%emt 0:00:31]} Be8 {[%emt 0:00:32]} 39. a5 {[%emt 0:00:23]} Bb5 {[%emt 0:03:38]} 40. Kf2 {[%emt 0:00:15]} Kg7 {[%emt 0:00:46]} 41. Rb3 {[%emt 0:32:15]} Ba6 {[%emt 0:31:49]} 42. Be2 {[%emt 0:02:30]} Ra8 {[%emt 0:00:00]} 43. Bxa6 {[%emt 0:00:00]} Rxa6 {[%emt 0:00:00]} 44. Rxb7 {[%emt 0:00:00]} Rxa5 {[%emt 0:00:00]} 45. Rcxc7 {[%emt 0:00:00]} Rxc7 {[%emt 0:00:00]} 46. Rxc7+ {[%emt 0:00:00]} Kf6 {[%emt 0:00:00]} 47. Rd7 {[%emt 0:00:00]} Ra6 {[%emt 0:00:00]} 48. Ke2 {[%emt 0:00:00]} Rb6 {[%emt 0:00:00]} 49. b4 {[%emt 0:00:00]} Ke5 {[%emt 0:00:00]} 50. Kd3 {[%emt 0:00:00]} Rxb4 {[%emt 0:00:00]} 51. Re7+ {[%emt 0:00:00]} Kf6 {[%emt 0:00:00]} 52. Re6+ {[%emt 0:00:00]} Kf7 {[%emt 0:00:00]} 53. Rxd6 {[%emt 0:00:00]} Rb2 {[%emt 0:00:00]} 54. e5 {[%emt 0:00:00]} 1-0

[Event "Schachfestival Open-A 2018"]
[Site "Lueneburg"]
[Date "2018.07.13"]
[Round "9"]
[White "Poeck, Ole"]
[Black "Wagner, Benjamin"]
[Result "1-0"]
[WhiteElo "2195"]
[BlackElo "2111"]
[Annotator "NA"]
[PlyCount "54"]
[EventDate "2018.07.06"]
[EventType "swiss"]
[EventCountry "GER"]
[SourceTitle "playchess.com"]
[Source "ChessBase"]
[SourceQuality "1"]
[TimeControl "40/5400+30:1800+30"]

1. d4 Nf6 2. c4 g6 3. Nc3 Bg7 4. e4 d6 5. Nf3 O-O 6. h3 e5 7. d5 Nh5 8. g3 f5 9. exf5 gxf5 10. Ng5 Nf6 11. g4 h6 12. Ne6 Bxe6 13. dxe6 f4 14. h4 Nc6 15. g5 Nh7 16. Nd5 Ne7 17. gxh6 Bxh6 18. Qh5 Nxd5 19. Qxh6 Qf6 20. Rg1+ Kh8 21. Rg6 Nb4 22. Rxf6 Rxf6 23. Qh5 Rxe6 24. Bh3 Re7 25. Bf5 Rg8 26. b3 Rg1+ 27. Ke2 Nc6 1-0

[Event "Schachfestival Open-A 2018"]
[Site "Lueneburg"]
[Date "2018.07.13"]
[Round "9"]
[White "Utiatskaja, Irina"]
[Black "Bogachkova, Alena"]
[Result "1-0"]
[WhiteElo "2155"]
[BlackElo "2135"]
[Annotator "NA"]
[PlyCount "61"]
[EventDate "2018.07.06"]
[EventType "swiss"]
[EventCountry "GER"]
[SourceTitle "playchess.com"]
[Source "ChessBase"]
[SourceQuality "1"]
[TimeControl "40/5400+30:1800+30"]

1. e4 {[%emt 0:00:00]} c5 {[%emt 0:00:00]} 2. Nf3 {[%emt 0:00:00]} d6 {[%emt 0:00:00]} 3. d4 {[%emt 0:00:04]} cxd4 {[%emt 0:00:00]} 4. Nxd4 {[%emt 0:00:04]} Nf6 {[%emt 0:00:00]} 5. Nc3 {[%emt 0:00:08]} g6 {[%emt 0:00:08]} 6. Be3 {[%emt 0:00:41]} Bg7 {[%emt 0:00:07]} 7. f3 {[%emt 0:00:05]} O-O {[%emt 0:00:17]} 8. Qd2 {[%emt 0:00:36]} Nc6 {[%emt 0:00:16]} 9. Bc4 {[%emt 0:03:26]} Bd7 {[%emt 0:01:31]} 10. h4 {[%emt 0:03:27]} Ne5 {[%emt 0:04:25]} 11. Bb3 {[%emt 0:00:24]} h5 {[%emt 0:01:16]} 12. O-O-O {[%emt 0:00:25]} Rc8 {[%emt 0:04:18]} 13. Bg5 {[%emt 0:06:37]} Rc5 {[%emt 0:04:05]} 14. Kb1 {[%emt 0:02:00]} b5 {[%emt 0:01:21]} 15. g4 {[%emt 0:07:23]} a5 {[%emt 0:06:12]} 16. gxh5 {[%emt 0:10:01]} Nxh5 {[%emt 0:01:15]} 17. Nd5 {[%emt 0:00:19]} Re8 {[%emt 0:00:30]} 18. Nf4 {[%emt 0:00:41]} Nxf4 {[%emt 0:03:48]} 19. Qxf4 {[%emt 0:02:25]} Nc4 {[%emt 0:03:43]} 20. Qg3 {[%emt 0:02:14]} a4 {[%emt 0:01:22]} 21. Bxc4 {[%emt 0:00:10]} bxc4 {[%emt 0:00:13]} 22. h5 {[%emt 0:01:32]} Qa5 {[%emt 0:01:40]} 23. Bd2 {[%emt 0:08:42]} c3 {[%emt 0:01:37]} 24. Bxc3 {[%emt 0:00:24]} Rxc3 {[%emt 0:00:08]} 25. hxg6 {[%emt 0:01:49]} Rc5 {[%emt 0:04:59]} 26. e5 {[%emt 0:09:43]} Rxe5 {[%emt 0:01:07]} 27. gxf7+ {[%emt 0:00:15]} Kxf7 {[%emt 0:00:12]} 28. f4 {[%emt 0:00:19]} Rd5 {[%emt 0:01:24]} 29. Rdg1 {[%emt 0:01:07]} Rg8 {[%emt 0:00:29]} 30. Qg6+ {[%emt 0:00:28]} Kf8 {[%emt 0:00:15]} 31. Rh8 {[%emt 0:01:49]} 1-0

[Event "Schachfestival Open-A 2018"]
[Site "Lueneburg"]
[Date "2018.07.13"]
[Round "9"]
[White "Stabolewski, Andreas"]
[Black "Sebastian, Dirk"]
[Result "0-1"]
[WhiteElo "2129"]
[BlackElo "2447"]
[Annotator "TA"]
[PlyCount "64"]
[EventDate "2018.07.06"]
[EventType "swiss"]
[EventCountry "GER"]
[SourceTitle "playchess.com"]
[Source "ChessBase"]
[SourceQuality "1"]

{[%evp 17,64,-3,0,0,44,18,32,35,38,13,33,27,77,37,44,44,60,32,39,-37,-42,-29,14,0,37,14,23,0,0,0,0,-114,-113,-143,-129,-151,-141,-251,-238,-253,-234,-362,-340,-591,-578,-1475,-1390,-29996,-29997]} 1. c4 g6 2. g3 Bg7 3. Bg2 e5 4. Nc3 Nc6 5. d3 d6 6. e4 {[%cal Be2e4,Be4d5][%mdl 32]} Be6 7. Nge2 Qd7 8. h3 Nge7 {A26: Englische Eröffnung (Sizilianisch im Anzug)} (8... f5 9. Be3 Nf6 10. b3 O-O 11. Qd2 Rae8 12. O-O-O a6 13. exf5 gxf5 14. d4 exd4 15. Nxd4 Nxd4 16. Bxd4 {½-½ (31) Giorgadze,T (2504)-Vasiukov,E (2390) Sabadell 2017}) 9. Nd5 O-O {LiveBook: 5 Partien} 10. Bg5 Bxd5 $146 {Die Stellung ist ausgeglichen.} ({Vorgänger:} 10... f6 11. Be3 f5 12. Qd2 Nd8 13. O-O c6 14. Nxe7+ Qxe7 15. exf5 gxf5 16. f4 {½-½ (59) Osterloh,K-Baumgardt,U (2183) Germany 2001}) 11. exd5 Nd8 12. O-O f5 13. Qd2 Nf7 14. Be3 h5 15. Rac1 h4 16. d4 Bf6 17. dxe5 dxe5 18. gxh4 ({Lieber} 18. Qc2 $14) 18... f4 $1 $15 {[%cal Rf4e3]} 19. Bc5 Nd6 20. Kh2 Nef5 {[%cal Be7f5,Bf5h4,Bh4f3][%mdl 32]} 21. Rg1 {Mit der Idee Lxd6.} Kf7 {[#]} 22. h5 $1 {[%mdl 512] Droht Lxd6 und aus.} Rh8 $1 {[%cal Rh8h5]} (22... gxh5 23. Qd3) 23. Bxd6 cxd6 24. Bf3 {[#]} ({Finger weg von} 24. hxg6+ $6 Kxg6 25. c5 dxc5 $16) (24. c5 $11 {hält das Gleichgewicht.} Rxh5 25. c6) 24... Nh4 $1 $17 {[%cal Rh4f3]} 25. Qd3 {Schwarz muss nun Lg4 beachten.} Nxf3+ ({Und nicht} 25... gxh5 26. c5 $16) 26. Qxf3 Rxh5 {...Tah8 ist eine echte Drohung.} 27. Qg4 {[#]} (27. Rg4 $17 {war angesagt.}) 27... Qf5 $1 $19 28. Qxf5 gxf5 29. Rc3 (29. Kg2 {war einen Versuch wert.}) 29... b6 30. a4 $2 (30. Rf3 e4 31. Rxf4) 30... e4 {Und weiter mit ...f3 wäre nett.} 31. Rb3 f3 32. Ng3 {[#]} Rxh3+ $1 {[%mdl 512] Precision: Weiß = 28%, Schwarz = 73%.} 0-1

[Event "Schachfestival Open-A 2018"]
[Site "Lueneburg"]
[Date "2018.07.13"]
[Round "9"]
[White "Haerig, Wilfried"]
[Black "Kardoeus, David"]
[Result "1-0"]
[WhiteElo "2022"]
[BlackElo "2188"]
[Annotator "NA"]
[PlyCount "67"]
[EventDate "2018.07.06"]
[EventType "swiss"]
[EventCountry "GER"]
[SourceTitle "playchess.com"]
[Source "ChessBase"]
[SourceQuality "1"]
[TimeControl "40/5400+30:1800+30"]

1. e4 {[%emt 0:00:00]} c5 {[%emt 0:03:27]} 2. Nf3 {[%emt 0:00:00]} d6 {[%emt 0:00:12]} 3. d4 {[%emt 0:00:00]} cxd4 {[%emt 0:00:07]} 4. Nxd4 {[%emt 0:00:06]} Nf6 {[%emt 0:00:09]} 5. Nc3 {[%emt 0:00:07]} a6 {[%emt 0:00:28]} 6. Be3 {[%emt 0:00:26]} Ng4 {[%emt 0:01:57]} 7. Bg5 {[%emt 0:02:46]} h6 {[%emt 0:00:09]} 8. Bh4 {[%emt 0:08:46]} g5 {[%emt 0:00:15]} 9. Bg3 {[%emt 0:00:14]} Bg7 {[%emt 0:00:08]} 10. Be2 {[%emt 0:13:57]} h5 {[%emt 0:07:09]} 11. h4 {[%emt 0:02:16]} Nc6 {[%emt 0:12:34]} 12. Nb3 {[%emt 0:03:01]} gxh4 {[%emt 0:17:17]} 13. Bxh4 {[%emt 0:04:10]} Nce5 {[%emt 0:04:12]} 14. Qd2 {[%emt 0:04:06]} Ng6 {[%emt 0:07:08]} 15. Bg5 {[%emt 0:05:56]} Be5 {[%emt 0:14:41]} 16. f4 {[%emt 0:25:08]} Bg7 {[%emt 0:09:24]} 17. f5 {[%emt 0:02:18]} N6e5 {[%emt 0:01:41]} 18. Nd5 {[%emt 0:00:16]} Nc6 {[%emt 0:09:47]} 19. Bxg4 {[%emt 0:00:34]} hxg4 {[%emt 0:00:45]} 20. Rxh8+ {[%emt 0:00:16]} Bxh8 {[%emt 0:00:06]} 21. O-O-O {[%emt 0:00:10]} b5 {[%emt 0:05:13]} 22. Rh1 {[%emt 0:02:27]} Be5 {[%emt 0:03:23]} 23. f6 {[%emt 0:02:34]} Kd7 {[%emt 0:00:37]} 24. fxe7 {[%emt 0:00:54]} Nxe7 {[%emt 0:00:35]} 25. Bxe7 {[%emt 0:00:12]} Qg8 {[%emt 0:00:12]} 26. Bxd6 {[%emt 0:04:55]} Qg7 {[%emt 0:00:50]} 27. Bxe5 {[%emt 0:00:20]} Qxe5 {[%emt 0:00:08]} 28. Nb6+ {[%emt 0:00:11]} Ke7 {[%emt 0:00:38]} 29. Nxa8 {[%emt 0:00:14]} Be6 {[%emt 0:00:33]} 30. Rd1 {[%emt 0:01:02]} Qb8 {[%emt 0:00:18]} 31. Qg5+ {[%emt 0:01:25]} f6 {[%emt 0:00:08]} 32. Qc5+ {[%emt 0:00:23]} Ke8 {[%emt 0:00:28]} 33. Qc6+ {[%emt 0:00:16]} Kf7 {[%emt 0:00:07]} 34. Qc7+ {[%emt 0:00:09]} 1-0

[Event "Schachfestival Open-A 2018"]
[Site "Lueneburg"]
[Date "2018.07.13"]
[Round "9"]
[White "Harringer, Manfred"]
[Black "Roehr, Tobias"]
[Result "1-0"]
[WhiteElo "1998"]
[BlackElo "2180"]
[Annotator "NA"]
[PlyCount "63"]
[EventDate "2018.07.06"]
[EventType "swiss"]
[EventCountry "GER"]
[SourceTitle "playchess.com"]
[Source "ChessBase"]
[SourceQuality "1"]
[TimeControl "40/5400+30:1800+30"]

1. e4 {[%emt 0:00:00]} c5 {[%emt 0:00:00]} 2. Nf3 {[%emt 0:00:00]} e6 {[%emt 0:00:00]} 3. Nc3 {[%emt 0:00:06]} Nc6 {[%emt 0:00:55]} 4. g3 {[%emt 0:02:04]} Nge7 {[%emt 0:07:24]} 5. Bg2 {[%emt 0:02:21]} g6 {[%emt 0:06:12]} 6. O-O {[%emt 0:00:41]} Bg7 {[%emt 0:00:14]} 7. d3 {[%emt 0:02:58]} O-O {[%emt 0:00:24]} 8. Bf4 {[%emt 0:03:01]} d6 {[%emt 0:04:34]} 9. Qd2 {[%emt 0:03:00]} Rb8 {[%emt 0:04:10]} 10. a4 {[%emt 0:03:29]} a6 {[%emt 0:04:21]} 11. Bh6 {[%emt 0:01:13]} Nd4 {[%emt 0:03:30]} 12. Bxg7 {[%emt 0:07:40]} Kxg7 {[%emt 0:01:31]} 13. Ne2 {[%emt 0:06:25]} Nxe2+ {[%emt 0:10:15]} 14. Qxe2 {[%emt 0:00:11]} b5 {[%emt 0:02:12]} 15. d4 {[%emt 0:07:40]} cxd4 {[%emt 0:03:38]} 16. Nxd4 {[%emt 0:00:39]} e5 {[%emt 0:02:05]} 17. Nb3 {[%emt 0:04:19]} bxa4 {[%emt 0:04:37]} 18. Rxa4 {[%emt 0:01:34]} Bd7 {[%emt 0:01:29]} 19. Ra3 {[%emt 0:01:07]} Bb5 {[%emt 0:03:23]} 20. c4 {[%emt 0:02:39]} Bc6 {[%emt 0:01:18]} 21. Rd1 {[%emt 0:06:49]} Qc7 {[%emt 0:14:09]} 22. Qd3 {[%emt 0:02:24]} f5 {[%emt 0:05:54]} 23. Qxd6 {[%emt 0:07:24]} Qxd6 {[%emt 0:00:13]} 24. Rxd6 {[%emt 0:00:06]} fxe4 {[%emt 0:00:45]} 25. Nc5 {[%emt 0:03:51]} Kh6 {[%emt 0:04:46]} 26. b3 {[%emt 0:06:40]} e3 {[%emt 0:04:34]} 27. fxe3 {[%emt 0:01:04]} Bxg2 {[%emt 0:01:16]} 28. Kxg2 {[%emt 0:00:29]} Nf5 {[%emt 0:00:20]} 29. Rd3 {[%emt 0:00:41]} e4 {[%emt 0:04:42]} 30. Nxe4 {[%emt 0:01:10]} Rbe8 {[%emt 0:00:12]} 31. Nf2 {[%emt 0:00:20]} Nxe3+ {[%emt 0:00:19]} 32. Rxe3 {[%emt 0:00:09]} 1-0